Подробности
| 000 -МАРКЕР |
| контрольное поле |
02657nam0a2200385 4500 |
| 001 - ИДЕНТИФИКАТОР ЗАПИСИ |
| контрольное поле |
RU\NLR\BIBL_A\012902153 |
| 005 - ИДЕНТИФИКАТОР ВЕРСИИ |
| контрольное поле |
20260406145547.0 |
| 010 ## - МЕЖДУНАРОДНЫЙ СТАНДАРТНЫЙ НОМЕР КНИГИ (ISBN) |
| Номер (ISBN) |
978-5-6047428-3-9 |
| 021 ## - НОМЕР ГОСУДАРСТВЕННОЙ РЕГИСТРАЦИИ |
| Код страны |
российская федерация |
| Номер |
2022-52414 |
| Номер Листа государственной регистраци |
КН-П-4553 |
| 035 ## - ДРУГИЕ СИСТЕМНЫЕ НОМЕРА |
| Идентификатор записи |
(RuMoRGB)011169722 |
| 035 ## - ДРУГИЕ СИСТЕМНЫЕ НОМЕРА |
| Идентификатор записи |
(NLR Aleph) 012902153 |
| 100 ## - ДАННЫЕ ОБЩЕЙ ОБРАБОТКИ |
| Данные общей обработки |
20221004d2022 |||y0rusy50 ca |
| 101 0# - ЯЗЫК РЕСУРСА |
| Язык текста, звукозаписи и т.д. |
английский |
| 102 ## - СТРАНА ПУБЛИКАЦИИ ИЛИ ПРОИЗВОДСТВА |
| Страна публикации |
российская федерация |
| 105 ## - ПОЛЕ КОДИРОВАННЫХ ДАННЫХ: ТЕКСТОВЫЕ МАТЕРИАЛЫ, МОНОГРАФИЧЕСКИЕ |
| Кодированные данные о монографическом текстовом документе |
y z 000zy |
| 181 #0 - ПОЛЕ КОДИРОВАННЫХ ДАННЫХ: ВИД СОДЕРЖАНИЯ |
| Код вида содержания (ISBD) |
i |
| Код характеристики содержания (ISBD) |
axxe |
| 182 #0 - ПОЛЕ КОДИРОВАННЫХ ДАННЫХ: ТИП СРЕДСТВА |
| Код типа средства (ISBD) |
n - непосредственное |
| 200 1# - ЗАГЛАВИЕ И СВЕДЕНИЯ ОБ ОТВЕТСТВЕННОСТИ |
| Основное заглавие |
Tender is the night |
| Сведения, относящиеся к заглавию |
книга для чтения на английском языке |
| -- |
уровень B2 |
| Первые сведения об ответственности |
F. Scott Fitzgerald |
| Последующие сведения об ответственности |
адаптация, сокращение и словарь: Л. Ф. Шитова |
| 203 ## - ВИД СОДЕРЖАНИЯ И ТИП СРЕДСТВА |
| Вид содержания |
Текст |
| Дополнительные сведения об издании |
визуальный |
| Тип средства |
непосредственный |
| 210 ## - ПУБЛИКАЦИЯ, РАСПРОСТРАНЕНИЕ И ДР. |
| Место издания, распространения и т.д. |
Санкт-Петербург |
| Имя издателя, распространителя и т. д. |
Антология |
| Дата издания, распространения и т.д. |
2022 |
| 215 ## - ФИЗИЧЕСКАЯ ХАРАКТЕРИСТИКА |
| Специфическое обозначение материала и объем |
254, [1] с. |
| Размеры |
18 |
| 225 1# - СЕРИЯ |
| Основное заглавие серии |
MovieBook |
| 330 ## - РЕЗЮМЕ ИЛИ РЕФЕРАТ |
| Текст примечания |
Семейная драма разворачивается в годы Первой мировой войны и после неё на Лазурном берегу, где наслаждаются жизнью богатые и очень богатые, в основном американцы. Со стороны кажется, что жизнь героев безмятежна и благополучна. Среди аристократической элиты выделяется супружеская пара Николь и Дик Дайверы - красавцы, богачи, кумиры публики. Но за красивым фасадом скрывается трагедия. В воздухе царят пустота, скука, разочарование. Персонажи романа - мятущиеся души, порой не осознающие причин своей тревоги. Неудовлетворённость, охлаждение чувств, поиск острых ощущений, опять разочарование - что это? Пресыщенность или внутренний конфликт? |
| 333 ## - ПРИМЕЧАНИЯ ОБ ОСОБЕННОСТЯХ РАСПРОСТРАНЕНИЯ И ИСПОЛЬЗОВАНИЯ |
| Текст примечания |
16+ |
| 606 1# - НАИМЕНОВАНИЕ ТЕМЫ КАК ПРЕДМЕТ |
| Наименование темы |
Английский язык |
| Формальный подзаголовок |
Книги для чтения |
| Системный номер авторитетной/нормативной записи |
972309 |
| Идентификатор авторитетной/нормативной записи |
RU\NLR\AUTH\6646032 |
| 675 ## - УНИВЕРСАЛЬНАЯ ДЕСЯТИЧНАЯ КЛАССИФИКАЦИЯ (UDC/УДК) |
| Индекс |
811.111(075.4) |
| Издание |
4 |
| 686 1# - ИНДЕКСЫ ДРУГИХ КЛАССИФИКАЦИЙ |
| Индекс |
Ш143.21-93рус91 |
| 700 #1 - ИМЯ ЛИЦА - ПЕРВИЧНАЯ ОТВЕТСТВЕННОСТЬ |
| Материалы, к которым относится поле |
eng |
| Графика поля |
Латинская |
| Начальный элемент ввода |
Fitzgerald |
| Часть имени, кроме начального элемента ввода |
F. S. |
| Даты |
1896-1940 |
| Расширение инициалов личного имени |
Francis Scott |
| Идентификатор авторитетной/нормативной записи |
RU\NLR\AUTH\774723 |
| Системный номер авторитетной/нормативной записи |
114700 |
| 702 #1 - ИМЯ ЛИЦА - ВТОРИЧНАЯ ОТВЕТСТВЕННОСТЬ |
| Код отношения |
Автор адаптации |
| Материалы, к которым относится поле |
rus |
| Графика поля |
Латинская |
| Начальный элемент ввода |
Šitova |
| Часть имени, кроме начального элемента ввода |
L. F. |
| Расширение инициалов личного имени |
Larisa Feliksovna |
| Идентификатор авторитетной/нормативной записи |
RU\NLR\AUTH\7780074 |
| Системный номер авторитетной/нормативной записи |
63002 |
| 942 ## - ДОПОЛНИТЕЛЬНЫЕ ЭЛЕМЕНТЫ ЗАПИСИ (АБИС) |
| Тип экземпляра АБИС |
Книга |
| 980 ## - КОЛЛЕКЦИЯ |
| Название коллекции |
Национальная библиография |